• 首页
  • 本馆介绍
  • 公告通知
  • 最新文献
  • 馆藏检索
  • 电子资源
  • 读者导购
  • 参考咨询
  • 我的图书馆
  • 登录
  • 详细信息显示
  • 放入我的书架
  • 预约/预借图书
  • 作者相关作品
  • 分类相关作品
  • 丛书相关作品
  • 出版社相关作品

书目信息

  • 表格格式
  • 工作单格式
  • 卡片格式
题名:
清晰集原理及应用
    
 
作者: 杨志民 , 苏发慧 , 吴华英 著
分册:  
出版信息: 北京   科学出版社  2016.6
页数: 186页
开本: 24cm
丛书名:
单 册:
中图分类: O159
科图分类:
主题词: 模糊数学--研究
电子资源:
ISBN: 978-7-03-049060-5
000 01395nam0 2200277 450
001 0400001738
005 20171019150727.0
010    @a978-7-03-049060-5@dCNY68.00
100    @a20160826d2016 em y0chiy50 ea
101 0  @achi
102    @aCN@b110000
105    @ay z 000yy
106    @ar
200 1  @a清晰集原理及应用@9qing xi ji yuan li ji ying yong@f杨志民, 苏发慧, 吴华英著
210    @a北京@c科学出版社@d2016.6
215    @a186页@d24cm
312    @a封面英文题名:The principle and application of clear set
330    @a本书系统分析了模糊集和模糊关系矩阵合成运算的不完备性,给出清晰集的概念和运算,包括清晰集的定义,清晰集的量化,清晰集并、交、余运算以及清晰集与模糊集的关系;指出模糊理论中可能性测试公理的错误,引入清晰数的定义,清晰数的加、减、乘、除四则运算以及清晰数的大小比较,研究了清晰综合评判,包括模糊综合评判错误、清晰综合评判模型;讨论模糊模型识别的错误和清晰模型识别方法;介绍清晰数在机械更新决策与机械的失效概率和可靠度中的应用,建立数据挖掘的一种新方法——清晰支持向量机,给出清晰事件的可信度和清晰机会约束规划,构建了清晰支持向量机(算法),并且研究清晰支持向量机在亚健康识别中的应用。
510 1  @aPrinciple and application of clear set@zeng
606 0  @a模糊数学@x研究
690    @aO159@v5
701  0 @a杨志民@9Yang Zhi Min@4著
701  0 @a苏发慧@9su fa hui@4著
701  0 @a吴华英@9wu hua ying@4著
801  0 @aCN@b91MARC@c20171019
905    @b1030456-60@dO159@f5@e106
    
    清晰集原理及应用/杨志民, 苏发慧, 吴华英著.-北京:科学出版社,2016.6
    186页;24cm
    
    
    ISBN 978-7-03-049060-5:CNY68.00
    本书系统分析了模糊集和模糊关系矩阵合成运算的不完备性,给出清晰集的概念和运算,包括清晰集的定义,清晰集的量化,清晰集并、交、余运算以及清晰集与模糊集的关系;指出模糊理论中可能性测试公理的错误,引入清晰数的定义,清晰数的加、减、乘、除四则运算以及清晰数的大小比较,研究了清晰综合评判,包括模糊综合评判错误、清晰综合评判模型;讨论模糊模型识别的错误和清晰模型识别方法;介绍清晰数在机械更新决策与机械的失效概率和可靠度中的应用,建立数据挖掘的一种新方法——清晰支持向量机,给出清晰事件的可信度和清晰机会约束规划,构建了清晰支持向量机(算法),并且研究清晰支持向量机在亚健康识别中的应用。
●
相关链接 在E读中查询图书 在五车中查询图书 在当当中查询图书 在豆瓣中查询图书


正题名:清晰集原理及应用     索取号:O159/106         预约/预借

序号 登录号 条形码 馆藏地/架位号 状态 备注
1 1030456   210304561   第二样本阅览室/ [索取号:O159/106] 在馆    
2 1030457   210304570   数信系资料室/ [索取号:O159/106] 在馆    
3 1030458   210304589   第三借阅区/ [索取号:O159/106] 在馆    
4 1030459   210304598   第三借阅区/ [索取号:O159/106] 在馆    
5 1030460   210304605   第三借阅区/ [索取号:O159/106] 在馆    
唐山师范学院图书馆 欢迎您!
大连网信软件有限公司© 版权所有